000 00442nam a2200181Ia 4500
001 25032
005 20260414151123.0
008 260414t2014||||xx |||||||||||||| ||spa||
041 _aESP
082 _a346.1
_bV917
100 _aVarsi Rospigliosi, Enrique
_eAUT
245 0 _aTratado de derecho de las personas
_b
260 _c2014
300 _a1101 páginas :
_c25 cm.
650 _aDER
654 _aCDE
942 _cLIB
_dJUS
_fJUS
_2ddc
_n
999 _c25032
_d25032